000 00990nam a22001935i 4500
001 173837
003 ES-MaACL
005 20230906215348.0
008 100125s1879 sp |||| | spa d
080 _a821.134.2-23"18"
100 1 _aFlores García, Francisco.
_951283
245 1 0 _aEntre amigos :
_bcomedia en un acto y en verso /
_coriginal de Don Francisco Flores García.
260 _aMadrid :
_bHijos de A. Gullón,
_c1879 (
_fImp. de José Rodríguez)
300 _a31 p. ;
_c17 cm.
500 _aEn port.: Representada por primera vez con éxito extraordinario en el Teatro de la Comedia el 27 de mayo de 1879, a beneficio de la Srta. Doña Emilia Ballesteros.
530 _aDisponible en formato digital.
852 4 _aES-MaACL
_jF-8618(11)
_z- Enc. pasta española, falto de cub. original
_z- Enc. en un vol. facticio formando parte de la col. facticia "Teatro español moderno", v. 73
856 4 _uhttps://archive.org/details/entreamigoscomed18917flor
_zInternet Archive
999 _c173837
_d173837